Preparación y evaluación de proyectos

Saved in:
Bibliografiske detaljer
Main Authors: Sapag Chain, Nassir (Author), Sapag Chain, Reinaldo (Author)
Format: Bog
Sprog:spansk
Udgivet: Ciudad de México McGraw-Hill Interamericana 2003
Udgivelse:4a. ed
Fag:
Tags: Tilføj Tag
Ingen Tags, Vær først til at tagge denne postø!

MARC

LEADER 00000nam a2200000 a 4500
001 UCK3330
003 CL-VaPUC
005 20240122163408.0
008 050422e20030000MX |||||||||||||||||spa|d
999 |c 312576  |d 312574 
020 |a 9701042484 
040 |c Pontificia Universidad Católica de Valparaíso 
082 0 4 |a 658.404  |b SAP  |2 21 
100 0 |a Sapag Chain, Nassir  |e author  |9 491437 
245 1 0 |a Preparación y evaluación de proyectos 
250 |a 4a. ed 
260 |a Ciudad de México  |b McGraw-Hill Interamericana  |c 2003 
300 |a 439 p 
583 |a last modification  |c 20050422 00:00:00  |k Rodrigo Vera 
650 7 |a Método de proyectos  |2 CL-VaPUC  |9 350124 
650 0 |a Evaluación de proyectos   |9 259341 
700 0 |a Sapag Chain, Reinaldo  |e author  |9 491438 
942 |c BK  |2 ddc 
945 |d 20050422 00:00:00  |a cmena 
952 |0 0  |1 0  |4 0  |6 658_404000000000000_SAP_2003  |7 0  |8 A  |9 383080  |a BIBING  |b BIBING  |d 2019-11-21  |i 411681K  |o 658.404 SAP 2003  |p 411681K  |r 2025-01-20  |w 2019-11-21  |y BK  |k CCI 
952 |0 0  |1 0  |4 0  |6 658_404000000000000_SAP_2003  |7 0  |8 A  |9 383081  |a BIBING  |b BIBING  |d 2019-11-21  |i 4116844  |o 658.404 SAP 2003  |p 4116844  |r 2025-01-20  |w 2019-11-21  |y BK  |k CCI 
952 |0 0  |1 0  |4 0  |6 658_404000000000000_SAP_2003  |7 0  |8 A  |9 383082  |a BIBAGR  |b BIBAGR  |d 2019-11-21  |i 4322398  |o 658.404 SAP 2003  |p 4322398  |r 2025-01-20  |w 2019-11-21  |y BK  |k AGR 
952 |0 0  |1 0  |4 0  |6 658_404000000000000_SAP_2003  |7 0  |8 A  |9 383084  |a BIBAGR  |b BIBAGR  |d 2019-11-21  |i 432241K  |l 1  |o 658.404 SAP 2003  |p 432241K  |r 2025-01-20  |s 2020-03-06  |w 2019-11-21  |y BK  |k AGR 
952 |0 0  |1 0  |4 0  |6 658_404000000000000_SAP_2003  |7 0  |8 A  |9 383085  |a BIBAGR  |b BIBAGR  |d 2019-11-21  |i 4322428  |o 658.404 SAP 2003  |p 4322428  |r 2025-01-20  |w 2019-11-21  |y BK  |k AGR 
952 |0 0  |1 0  |4 0  |6 658_404000000000000_SAP_2003  |7 0  |8 A  |9 383086  |a BIBAGR  |b BIBAGR  |d 2019-11-21  |i 4322436  |o 658.404 SAP 2003  |p 4322436  |r 2025-01-20  |w 2019-11-21  |y BK  |k AGR 
952 |0 0  |1 0  |4 0  |6 658_404000000000000_SAP_2003  |7 0  |8 A  |9 383087  |a BIBING  |b BIBING  |d 2019-11-21  |i 4338057  |o 658.404 SAP 2003  |p 4338057  |r 2025-01-20  |w 2019-11-21  |y BK  |k CCI 
952 |0 0  |1 0  |4 0  |6 658_404000000000000_SAP_2003  |7 0  |8 A  |9 383088  |a BIBING  |b BIBING  |d 2019-11-21  |i 4338065  |o 658.404 SAP 2003  |p 4338065  |r 2025-01-20  |w 2019-11-21  |y BK  |k CCI 
952 |0 0  |1 0  |4 0  |6 658_404000000000000_SAP_2003  |7 0  |8 A  |9 383089  |a BIBING  |b BIBING  |d 2019-11-21  |i 4338073  |o 658.404 SAP 2003  |p 4338073  |r 2025-01-20  |w 2019-11-21  |y BK  |k CCI